| 000 | 01877cam a2200397 i 4500 | ||
|---|---|---|---|
| 001 | 17855801 | ||
| 003 | EG-ScBUE | ||
| 005 | 20230402102854.0 | ||
| 008 | 130816s2014 enka f b 001 0 eng d | ||
| 020 | _a9780415504201 (pbk : alk. paper) | ||
| 040 |
_aDLC _beng _erda _cDLC _dDLC _dEG-ScBUE |
||
| 041 | 1 |
_aeng _hger |
|
| 082 | 0 | 4 |
_a792 _222 _bFIS |
| 100 | 1 |
_aFischer-Lichte, Erika, _eauthor. _938427 |
|
| 240 | 1 | 0 |
_aTheaterwissenschaft. _lEnglish |
| 245 | 1 | 4 |
_aThe Routledge introduction to theatre and performance studies / _cErika Fischer-Lichte ; edited by Minou Arjomand and Ramona Mosse ; translated by Minou Arjomand. |
| 264 | 1 |
_aOxon ; _aNew York : _bRoutledge / Taylor & Francis Group, _c2014. |
|
| 300 |
_axi, 201 pages : _billustrations ; _c24 cm |
||
| 336 |
_2rdacontent _atext _btxt |
||
| 337 |
_2rdamedia _aunmediated _bn |
||
| 338 |
_2rdacarrier _avolume _bnc |
||
| 504 | _aIncludes bibliographical references and index. | ||
| 505 | 0 | _aPreface -- Prologue: is everything theatre? -- Central concepts for theatre and performance research. The concept of theatre -- The history of the discipline -- The concept of performance -- Fields, theories, and methods. Performance analysis -- Theatre historiography -- Theorizing theatre and performance -- Pushing boundaries. Interweaving cultures in performance -- Performing the arts -- Cultural performances -- Epilogue: Is everything theatre?. | |
| 546 | _atext in English ; translated from original German. | ||
| 650 | 7 |
_aTheater. _2BUEsh |
|
| 650 | 7 |
_aTheater _xResearch. _2BUEsh |
|
| 650 | 7 |
_aPerforming arts. _2BUEsh |
|
| 650 | 7 |
_aPerforming arts _xResearch. _2BUEsh |
|
| 651 | _2BUEsh | ||
| 653 |
_bCOMAME _cJune2015 _cSeptember2015 |
||
| 655 | _vReading book | ||
| 700 | 1 |
_aMosse, Ramona, _eeditor. |
|
| 700 | 1 |
_aArjomand, Minou, _eeditor. |
|
| 700 | 1 |
_aArjomand, Minou _etranslator. |
|
| 942 |
_2ddc _cBB |
||
| 999 |
_c19875 _d19847 |
||